Analýza disparít podielu zamestnanosti vo vzniknutých a zaniknutých podnikoch v členení podľa SK NACE a NUTS3 v rokoch 2008 až 2018

Salvato in:
Dettagli Bibliografici
Autore principale: Šoltés, Erik, 1974-
Altri autori: Komara, Silvia, 1985-
Natura: Capitolo di libro
Lingua:inglese
Soggetti:
Tags: Aggiungi Tag
Nessun Tag, puoi essere il primo ad aggiungerne!!

MARC

LEADER 00000naa$a2200000$$$4500
001 0289228
005 20240502074430.0
041 0 |a eng 
044 |a SK 
245 1 0 |a Analýza disparít podielu zamestnanosti vo vzniknutých a zaniknutých podnikoch v členení podľa SK NACE a NUTS3 v rokoch 2008 až 2018  |c Erik Šoltés, Silvia Komara 
500 |a Abstrakt 
610 2 0 |a podnik 
610 2 0 |a disparita 
610 2 0 |a zamestnanosť 
100 1 |a Šoltés, Erik, 1974- 
700 1 |a Komara, Silvia, 1985-